Radioaktivnyje izotopy v biologii i seľskom chozjajstve /
Uloženo v:
| Hlavní autor: | |
|---|---|
| Další autoři: | , |
| Médium: | Kniha |
| Jazyk: | ruština angličtina |
| Vydáno: |
Moskva :
Izdateľstvo inostrannoj literatury,
1957
|
| Vydání: | [1. izd.] |
| Témata: | |
| On-line přístup: |
|
| Tagy: |
Přidat tag
Žádné tagy, Buďte první, kdo vytvoří štítek k tomuto záznamu!
|
MARC
| LEADER | 00000cam a2200000 4500 | ||
|---|---|---|---|
| 003 | SK-BrCVT | ||
| 005 | 20220617214036.0 | ||
| 008 | 060503s1957 rur e ||||||rus d | ||
| 035 | |a CVTIDW1207902 | ||
| 040 | |b slo |a CVTI SR |e AACR2 | ||
| 041 | 1 | |a rus |h eng | |
| 044 | |a rur | ||
| 080 | |a 546.79:57+63 |2 UDC-MRF | ||
| 100 | 1 | |a Comar, C. L. |4 aut | |
| 245 | 1 | 0 | |a Radioaktivnyje izotopy v biologii i seľskom chozjajstve / |c C. L. Comar ; perevod s anglijskogo: E. A. Abeleva, V. E. Vasserberg ... [et al.] |
| 250 | |a [1. izd.] | ||
| 260 | |a Moskva : |b Izdateľstvo inostrannoj literatury, |c 1957 | ||
| 300 | |a 408 s. | ||
| 653 | 1 | |a rádioaktívny izotop |a biológia |a poľnohospodárstvo | |
| 692 | |a AS OR | ||
| 700 | 1 | |a Abeleva, E. A. |4 trl | |
| 700 | 1 | |a Vasserberg, V. E. |4 trl | |
| 910 | |b A059764 | ||
| 974 | |f Knihy | ||
| 992 | |a AMG | ||
| 999 | |c 137999 |d 137999 | ||